Online
Catalog

Guía ecoturística del sistema nacional de áreas protegidas : (Record no. 49481)

MARC details
000 -CABECERA
campo de control de longitud fija 01125nam a22002777a 4500
003 - IDENTIFICADOR DEL NÚMERO DE CONTROL
campo de control OSt
005 - FECHA Y HORA DE LA ÚLTIMA TRANSACCIÓN
campo de control 20210430122140.0
007 - CAMPO FIJO DE DESCRIPCIÓN FÍSICA--INFORMACIÓN GENERAL
campo de control de longitud fija ta
008 - DATOS DE LONGITUD FIJA--INFORMACIÓN GENERAL
campo de control de longitud fija 210302b 2020 dr a b 00| 0 eng d
020 ## - NÚMERO INTERNACIONAL ESTÁNDAR DEL LIBRO
Número Internacional Estándar del Libro 9789945095494
040 ## - FUENTE DE LA CATALOGACIÓN
Centro catalogador/agencia de origen DO-SdBNP
Lengua de catalogación spa
Centro/agencia transcriptor BNPHU
082 #4 - NÚMERO DE LA CLASIFICACIÓN DECIMAL DEWEY
Número de clasificación 333.72
Número de documento/Ítem L864g
Número de edición 22
100 1# - ENTRADA PRINCIPAL--NOMBRE DE PERSONA
Nombre de persona López Belando, Adolfo José
9 (RLIN) 74644
245 10 - MENCIÓN DE TÍTULO
Título Guía ecoturística del sistema nacional de áreas protegidas :
Resto del título República Dominicana /
Mención de responsabilidad, etc. Adolfo José López Belando y José Manuel Mateo Feliz ; fotografía: Adolfo López ... [et al.]
260 ## - PUBLICACIÓN, DISTRIBUCIÓN, ETC.
Lugar de publicación, distribución, etc. Santo Domingo :
Nombre del editor, distribuidor, etc. Academia de Ciencias de la República Dominicana,
Fecha de publicación, distribución, etc. 2020.
300 ## - DESCRIPCIÓN FÍSICA
Extensión 332 p. :
Otras características físicas il., mapas ;
Dimensiones 28 cm.
500 ## - NOTA GENERAL
Nota general Incluye datos biográficos de los autores en las solapas
504 ## - NOTA DE BIBLIOGRAFÍA, ETC.
Nota de bibliografía, etc. Bibliografía : p. 327-332
590 ## - NOTA LOCAL (RLIN)
Nota local Inventariado, 2021 /LP<br/><br/>
590 ## - NOTA LOCAL (RLIN)
Nota local La biblioteca posee 1 ejemplar autografiado por el autor.
700 1# - PUNTO DE ACCESO ADICIONAL--NOMBRE DE PERSONA
Nombre de persona Mateo Feliz, José Manuel
9 (RLIN) 37548
700 1# - PUNTO DE ACCESO ADICIONAL--NOMBRE DE PERSONA
Nombre de persona López, Adolfo,
Término indicativo de función/relación fotografías
9 (RLIN) 77983
700 1# - PUNTO DE ACCESO ADICIONAL--NOMBRE DE PERSONA
Nombre de persona Mateo, José Manuel,
Término indicativo de función/relación fotografías
9 (RLIN) 77984
910 ## - DATOS DE OPCIÓN DEL USUARIO (OCLC)
Datos de opción del usuario Validado. Control de calidad MFF
942 ## - ELEMENTOS DE PUNTO DE ACCESO ADICIONAL (KOHA)
Fuente del sistema de clasificación o colocación Dewey Decimal Classification
Tipo de ítem Koha Libro
Holdings
Estado de retiro Estado de pérdida Fuente del sistema de clasificación o colocación Restricciones de uso No para préstamo Código de colección Localización permanente Ubicación/localización actual Ubicación en estantería Fecha de adquisición Fuente de adquisición Total de préstamos Signatura topográfica completa Código de barras Fecha visto por última vez Precio válido a partir de Tipo de ítem Koha Número de copia
    Dewey Decimal Classification Préstamo en sala   Dominicana de Servicio Biblioteca Nacional Pedro Henríquez Ureña General Depósito 02.03.2021 Depósito Legal   BNPHU DS 333.72 L864g 2021-0541 02.03.2021 02.03.2021 Libro y Folleto Colección Dominicana de Servicio e. 3
    Dewey Decimal Classification Préstamo en sala   Dominicana de Servicio Biblioteca Nacional Pedro Henríquez Ureña General Depósito 02.03.2021 Editora Búho   BNPHU DS 333.72 L864g 2021-0542 02.03.2021 02.03.2021 Libro y Folleto Colección Dominicana de Servicio e. 4
    Dewey Decimal Classification Préstamo en sala   Dominicana de Servicio Biblioteca Nacional Pedro Henríquez Ureña General Depósito 02.03.2021 Editora Búho   BNPHU DS 333.72 L864g 2021-0543 02.03.2021 02.03.2021 Libro y Folleto Colección Dominicana de Servicio e. 5
    Dewey Decimal Classification Excluido de préstamo Excluido de préstamo Patrimonio Dominicano Biblioteca Nacional Pedro Henríquez Ureña Patrimonio Dominicano Depósito 02.03.2021 Depósito Legal   BNPHU PD 333.72 L864g 2021-0539 02.03.2021 02.03.2021 Libro y Folleto Colección Patrimonio Dominicano  
    Dewey Decimal Classification Excluido de préstamo Préstamo restrigido Patrimonio Dominicano Biblioteca Nacional Pedro Henríquez Ureña Patrimonio Dominicano Depósito 02.03.2021 Depósito Legal   BNPHU PD 333.72 L864g 2021-0540 02.03.2021 02.03.2021 Libro y Folleto Colección Patrimonio Dominicano e. 2

Powered by Koha